Statistics for Countries That Have Controlled Corsica

Click here to take the quiz!

General Stats

  • This quiz has been taken 768 times
  • The average score is 8 of 12

Answer Stats

YearsCountry% Correct
1770-1941France
99%
1944-PresentFrance
99%
856-883Italy
95%
BC-395Roman Empire
87%
395-455Western Roman Empire
87%
1941-1944Germany
81%
1109-1285Pisa
46%
1285-1770Genoa
43%
962-1109Holy Roman Empire
40%
532-856Byzantine Empire
38%
883-962Byzantine Empire
38%
455-532Vandals
17%

Score Distribution

Percentile by Number Answered

Percent of People with Each Score

Your Score History

You have not taken this quiz